| 000 -LEADER |
| fixed length control field |
00927nam a22002177a 4500 |
| 001 - CONTROL NUMBER |
| control field |
21456 |
| 003 - CONTROL NUMBER IDENTIFIER |
| control field |
BD-DhUAP |
| 005 - DATE AND TIME OF LATEST TRANSACTION |
| control field |
20220109154705.0 |
| 008 - FIXED-LENGTH DATA ELEMENTS--GENERAL INFORMATION |
| fixed length control field |
220109b2018 bg |||| |||| 00| 0bben d |
| 020 ## - INTERNATIONAL STANDARD BOOK NUMBER |
| International Standard Book Number |
9847012402832 |
| 040 ## - CATALOGING SOURCE |
| Original cataloging agency |
BD-DhUAP |
| Language of cataloging |
Ben |
| Transcribing agency |
BD-DhUAP |
| Modifying agency |
BD-DhUAP |
| Description conventions |
BD-DhUAP |
| 082 ## - DEWEY DECIMAL CLASSIFICATION NUMBER |
| Edition number |
23 |
| Classification number |
954.9205 RAH |
| 100 ## - MAIN ENTRY--PERSONAL NAME |
| Personal name |
রহমান,আতিউর । |
| 245 ## - TITLE STATEMENT |
| Title |
জনমানুষের মুক্তিযুদ্ধ : |
| Remainder of title |
অসহযোগের দিনগুলি:মুক্তিযুদ্ধের প্রস্তুতিপব / |
| Statement of responsibility, etc. |
আতিউর রহমান । |
| 250 ## - EDITION STATEMENT |
| Edition statement |
প্রথম প্রকাশ;অখন্ড সংস্করণ |
| 260 ## - PUBLICATION, DISTRIBUTION, ETC. |
| Place of publication, distribution, etc. |
ঢাকা : |
| Name of publisher, distributor, etc. |
সাহিত্য প্রকাশ ; |
| Date of publication, distribution, etc. |
২০১৮ । |
| 300 ## - PHYSICAL DESCRIPTION |
| Extent |
৫৫৬ পৃ. : |
| Dimensions |
২২ সে.মি. |
| 500 ## - GENERAL NOTE |
| General note |
Liberation war. |
| 651 ## - SUBJECT ADDED ENTRY--GEOGRAPHIC NAME |
| Geographic name |
Bangladesh. |
| General subdivision |
History. |
| 942 ## - ADDED ENTRY ELEMENTS (KOHA) |
| Source of classification or shelving scheme |
|
| Koha item type |
Book |